30 Jahre Osteroder Zeitung 1954-1984
| Titel: | 30 Jahre Osteroder Zeitung 1954-1984 |
|---|---|
| Verfasser: | |
| In: |
Osteroder Zeitung, Heft 62 (1984), Seite 114-115 alle Artikel anzeigen |
| Veröffentlicht: | 1984 |
| Format: | Aufsatz |
| Sprache: | Deutsch |
X
alg: 39189699 001A $01999:11-11-16 001B $03025:20-11-25 $t14:00:29.000 001D $01999:11-11-16 001U $0utf8 001X $00 002@ $0Aox 003@ $0391896997 007A $0391896997 $aHEB 007T $0Herd22589 010@ $ager 011@ $a1984 021A $a30 Jahre Osteroder Zeitung 1954-1984 028A $aKuessner $dKurt 031A $e62 $h114-115 $j1984 039B $aIn $8--Abvc--. Osteroder Zeitung. - Osterode, 1954-. - ISSN 0030-638X $x198400000000062886 $9048244783 044K $ROsterode $75086170-0 $8Ostróda [Tg1] $9044988486 045F $a307.094382 $eDDC23BSB 045F/01 $a307.09 045F/03 $g4382 045F/03 $g43832 lok: 39189699 78 exp: 39189699 78 1 #EPN 201B/01 $020-11-25 $t14:00:29.000 201U/01 $0utf8 203@/01 $0787992593 208@/01 $a11-11-16 $be 209A/01 $a/ $f000 $x00 220C/01 $aTitelaufnehmer: kl 244Z/01 $2Trx $#Prusy Wschodnie i Zachodnie $8--Trx--Ost- und Westpreußen $x01 $939113373X 244Z/01 $75086170-0 $8--Tg1--Ostróda $x02 $9044988486 244Z/01 $aGeschichte 1954-1984 $x03 244Z/01 $2Trx $#ajalehed $#spauda $#Print media $#sajtó $#prasa $#tlač $#tisk $#Zeitungen $#press $#gazety $8--Trx--Presse $x04 $9391383264 244Z/01 $2Trx $8--Trx--Zeitschriftenaufsatz $x05 $9391384341 245Z/01 $a13.03 $x01 245Z/01 $a11.06 $x02 247C/01 $82080>Marburg/Lahn, Herder-Institut, Forschungsbibliothek, Bibliographieportal $9336309341
| LEADER | 00000caa a22000002c 4500 | ||
|---|---|---|---|
| 001 | 391896997 | ||
| 003 | DE-603 | ||
| 005 | 20251120140029.0 | ||
| 007 | tu | ||
| 008 | 161111s1984 xx |||| | u00||u|ger c | ||
| 035 | |a (DE-599)HEB391896997 | ||
| 040 | |a DE-603 |b ger |c DE-603 |d DE-603 | ||
| 041 | |a ger | ||
| 082 | 0 | 4 | |8 1\u |a 307.094382 |q DE-101 |2 23/BSB |
| 085 | |8 1\u |b 307.09 | ||
| 085 | |8 1\u |z 2 |s 4382 | ||
| 085 | |8 1\u |z 2 |s 43832 | ||
| 100 | 1 | |a Kuessner, Kurt | |
| 245 | 0 | 0 | |a 30 Jahre Osteroder Zeitung 1954-1984 |
| 264 | 0 | |c 1984 | |
| 651 | 7 | |a Ostróda |0 (DE-588)5086170-0 |0 (DE-603)044988486 |2 gnd | |
| 773 | 0 | 8 | |i In |t Osteroder Zeitung |d Osterode, 1954- |x 0030-638X |g Heft 62 (1984), Seite 114-115 |w (DE-603)048244783 |w (DE-600)958693-3 |
| 924 | 0 | |9 2080 |a (DE-603)787992593 |b DE-2080 |c HES |d d |g / | |


